| 000 | 00698nam a22002057a 4500 | ||
|---|---|---|---|
| 003 | 0 | ||
| 005 | 20251024151817.0 | ||
| 008 | 251024b xxu||||| |||| 00| 0 eng d | ||
| 020 | _a978-1-529-30370-4 | ||
| 050 |
_aHB 75 _b.B885 2019 |
||
| 100 |
_aButler-Bowdon, Tom, _eauthor. |
||
| 245 |
_a50 economics classics : _byour shortcut to the most important ideas on capitalism, finance, and the global economy / _cTom Butler-Bowdon. |
||
| 260 |
_aLondon : _bNicholas Brealey Publishing, _c2019. |
||
| 300 |
_a357 pages ; _c20 cm. |
||
| 504 | _aIncludes bibliographical references and index. | ||
| 650 | _aEconomics. | ||
| 650 | _aCapitalism. | ||
| 650 | _aFinancial crises. | ||
| 942 |
_2lcc _cBK |
||
| 999 |
_c368343 _d368343 |
||